| 000 | 00373nam a2200145Ia 4500 | ||
|---|---|---|---|
| 005 | 20250729165803.0 | ||
| 008 | 250729s2017 xx 000 0 und d | ||
| 041 | _aeng | ||
| 082 | _a372.25 GIRC | ||
| 100 |
_aDr.Girish S _9232987 |
||
| 245 | _aCreating and Inclie School | ||
| 260 |
_aBangalore _bHalluru Prakashana _c2017 |
||
| 300 | _a296p | ||
| 650 |
_aEducation _9232988 |
||
| 999 |
_c240056 _d240056 |
||